مکا تيب ا حسن (Record no. 171681)

MARC details
000 -LEADER
fixed length control field 00694nam a22001937a 4500
005 - DATE AND TIME OF LATEST TRANSACTION
control field 20200117125234.0
010 ## - LCCN (DPL NO)
LC control number A-159796
020 ## - INTERNATIONAL STANDARD BOOK NUMBER
Terms of availability 25.00
International Standard Book Number -
035 ## - SYSTEM CONTROL NUMBER
System control number A-159796
037 ## - SOURCE OF ACQUISITION
Source of stock number/acquisition BPPD/Pub.
Stock number -
082 ## - DEWEY DECIMAL CLASSIFICATION NUMBER
Classification number 846
100 ## - MAIN ENTRY--PERSONAL NAME
Personal name مر تبہ: عنو ا ن چشتی ا و ر صغير ا حسنی
245 ## - TITLE STATEMENT
Title مکا تيب ا حسن
Statement of responsibility, etc مر تبہ: عنو ا ن چشتی ا و ر صغير ا حسنی
246 ## - VARYING FORM OF TITLE
Remainder of title Makatib-e-Ahsan (Urdu)
Title proper/short title Edited by Unwan Chishti &Sagheer Ahsani
260 ## - PUBLICATION, DISTRIBUTION, ETC. (IMPRINT)
Place of publication, distribution, etc N.Delhi
Name of publisher, distributor, etc Modern Publishing House
Date of publication, distribution, etc 1983 ء
270 ## - ADDRESS
Address 9,Gola Market ,Darya ganj,
City N.Delhi
Postal code 2
Telephone number -
Fax number -
300 ## - PHYSICAL DESCRIPTION
Extent 160 ص
Dimensions 22 Cm(Hb)
942 ## - ADDED ENTRY ELEMENTS (KOHA)
Source of classification or shelving scheme Dewey Decimal Classification
Item type Urdu Bks
Classification part 846
Call number suffix ا ح س
Holdings
Withdrawn status Lost status Not for loan Collection code Home library Current library Date acquired Source of acquisition Cost, normal purchase price Full call number Barcode Copy number Cost, replacement price Koha item type
      Non-fiction Central Library Central Library 17/01/2020 BPPD/Ven. 25.00 846ا ح س A-159796 1 25.00 Urdu Bks

© Delhi Public Library
Hit Counter
free hit counter